<?xml version="1.0" encoding="UTF-8"?><collection xmlns="info:lc/xmlns/marcxchange-v2"><record format="Unimarc" type="bibliographic"><leader>00673nam  2200205   450 </leader><controlfield tag="001">2705805</controlfield><controlfield tag="003">http://id.bnportugal.gov.pt/bib/porbase/2705805</controlfield><controlfield tag="005">20040609143922.0</controlfield><datafield ind1=" " ind2=" " tag="010"><subfield code="a">0-309-03596-1</subfield></datafield><datafield ind1=" " ind2=" " tag="035"><subfield code="a">esac002_NM_corrigido.iso/19-12-2015/1828</subfield></datafield><datafield ind1=" " ind2=" " tag="100"><subfield code="a">20030116d1985    k  y0pory0103    ba</subfield></datafield><datafield ind1="0" ind2=" " tag="101"><subfield code="a">eng</subfield></datafield><datafield ind1=" " ind2=" " tag="102"><subfield code="a">US</subfield></datafield><datafield ind1="1" ind2=" " tag="200"><subfield code="a">Nutrient requirements of sheep</subfield><subfield code="f">Subcommittee on Sheep Nutrition...[et al.]</subfield></datafield><datafield ind1=" " ind2=" " tag="205"><subfield code="a">6th rev. ed</subfield></datafield><datafield ind1=" " ind2=" " tag="210"><subfield code="a">Washington, D.C.</subfield><subfield code="c">National Academy Press</subfield><subfield code="d">1985</subfield></datafield><datafield ind1=" " ind2=" " tag="215"><subfield code="a">VII, 99 p.</subfield><subfield code="c">il.</subfield><subfield code="d">28 cm</subfield></datafield><datafield ind1="2" ind2=" " tag="225"><subfield code="a">Nutrient requirements of domestic animals</subfield></datafield><datafield ind1=" " ind2=" " tag="675"><subfield code="a">636</subfield><subfield code="v">BN</subfield><subfield code="z">por</subfield></datafield><datafield ind1="0" ind2="1" tag="712"><subfield code="a">Subcommittee on Sheep Nutrition</subfield></datafield><datafield ind1=" " ind2="0" tag="801"><subfield code="a">PT</subfield><subfield code="b">ESAC</subfield><subfield code="g">RPC</subfield></datafield></record></collection>